Student solution manual for elementary number theory with applications (EBOOK) (Record no. 217140)
[ view plain ]
| 000 -LEADER | |
|---|---|
| fixed length control field | 00361 a2200133 4500 |
| 003 - CONTROL NUMBER IDENTIFIER | |
| control field | Nust |
| 005 - DATE AND TIME OF LATEST TRANSACTION | |
| control field | 20170207171534.0 |
| 040 ## - CATALOGING SOURCE | |
| Transcribing agency | Nust |
| 082 ## - DEWEY DECIMAL CLASSIFICATION NUMBER | |
| Classification number | 512.72 |
| 100 ## - MAIN ENTRY--PERSONAL NAME | |
| Personal name | Koshy, Thomas |
| 245 ## - TITLE STATEMENT | |
| Title | Student solution manual for elementary number theory with applications (EBOOK) |
| Statement of responsibility, etc. | Thomas Koshy |
| 300 ## - PHYSICAL DESCRIPTION | |
| Extent | 204 p. |
| 650 ## - SUBJECT ADDED ENTRY--TOPICAL TERM | |
| Topical term or geographic name entry element | Elementary number theory |
| Location of event | Solution manual |
| 942 ## - ADDED ENTRY ELEMENTS (KOHA) | |
| Source of classification or shelving scheme | |
| Koha item type | Book |
| Withdrawn status | Lost status | Source of classification or shelving scheme | Damaged status | Not for loan | Collection code | Permanent Location | Current Location | Date acquired | Total Checkouts | Full call number | Barcode | Date last seen | Price effective from | Koha item type |
|---|---|---|---|---|---|---|---|---|---|---|---|---|---|---|
| Military College of Signals (MCS) | Military College of Signals (MCS) | 12/12/2016 | 512.72 KOS | MCSEB-3428 | 12/08/2016 | 12/12/2016 | Book |
